[Event "2nd Cambridge Int Open"]
[Site "Cambridge ENG"]
[Date "2024.02.19"]
[Round "2.52"]
[White "Bay-Petersen, Ole"]
[Black "De Coverly, Roger D"]
[Result "0-1"]
[WhiteElo "1672"]
[BlackElo "1852"]
[WhiteFideId "430188"]
[BlackFideId "405213"]
[EventDate "2024.02.19"]

1. d4 Nf6 2. Nf3 g6 3. c4 Bg7 4. Nc3 O-O 5. e4 d6 6. Be2 e5 7. h3 exd4 8. Nxd4
Re8 9. Bf3 Nc6 10. O-O Nxd4 11. Qxd4 Nxe4 12. Qd3 Nxc3 13. bxc3 Bf5 14. Qd2 Be4
15. Bg4 Qf6 16. Bb2 Re7 17. Rae1 Rae8 18. Qd4 Qxd4 19. cxd4 Bd3 20. Rxe7 Rxe7
21. Rc1 h5 22. Bf3 c5 23. Rc3 Bb1 24. Bd5 Bxd4 25. Rc1 Bxa2 26. Bxd4 cxd4 27.
Rd1 a5 28. Rxd4 a4 29. Rd3 Bb3 30. Kh2 Rc7 0-1

[Event "2nd Cambridge Int Open"]
[Site "Cambridge ENG"]
[Date "2024.02.19"]
[Round "2.53"]
[White "Lazarus, Simon E"]
[Black "Kenning, Paul H"]
[Result "1-0"]
[WhiteElo "1845"]
[BlackElo "1681"]
[WhiteFideId "343408451"]
[BlackFideId "441538"]
[EventDate "2024.02.19"]

1. Nf3 d5 2. c4 d4 3. d3 Nc6 4. g3 Bg4 5. h3 Bxf3 6. exf3 Qd7 7. Bg2 e6 8. O-O
Bc5 9. Nd2 Nf6 10. a3 a5 11. f4 O-O 12. Rb1 Rfd8 13. Nf3 Qe8 14. Re1 Nd7 15. Ne5
Ndxe5 16. fxe5 Rab8 17. Bd2 Ra8 18. b4 axb4 19. axb4 Bf8 20. b5 Ne7 21. Bxb7
Rab8 22. Bg2 c6 23. bxc6 Nxc6 24. Rxb8 Rxb8 25. Qa4 Rc8 26. f4 g6 27. Rb1 Bh6
28. Rb6 Nxe5 29. Qxe8+ Rxe8 30. Rb3 Nd7 31. Bc6 Rb8 32. Rxb8+ Nxb8 33. Bb5 Bf8
34. Ba5 Bd6 35. Bb6 1-0

[Event "2nd Cambridge Int Open"]
[Site "Cambridge ENG"]
[Date "2024.02.19"]
[Round "2.54"]
[White "Woods, Yannick"]
[Black "Berkley, Stephen W"]
[Result "1/2-1/2"]
[WhiteElo "1817"]
[BlackElo "1667"]
[WhiteFideId "2518384"]
[BlackFideId "486850"]
[EventDate "2024.02.19"]

1. c4 e6 2. g3 f5 3. Bg2 Nf6 4. Nf3 c6 5. O-O d5 6. cxd5 exd5 7. d3 Bd6 8. b3
O-O 9. Bb2 Qe7 10. Re1 Nbd7 11. Qc2 Ne5 12. Nbd2 Qc7 13. Nxe5 Bxe5 14. Bxe5 Qxe5
15. e4 fxe4 16. dxe4 dxe4 17. Nxe4 Nxe4 18. Bxe4 Qh5 19. Re3 Bf5 20. Rae1 Rad8
21. Qc4+ Qf7 22. Bxf5 Qxc4 23. Bxh7+ Kxh7 24. bxc4 Rd4 25. Re4 Rd2 26. R1e2 Rfd8
27. Kg2 R8d4 28. c5 Rxe4 29. Rxd2 Rc4 30. Rb2 Rxc5 31. Rxb7 Ra5 32. Rb2 Kg6 33.
Rc2 c5 34. Kf3 Kf5 35. Rc3 Ke5 36. Ke3 Kd5 37. a3 Ra4 38. f3 g5 39. Kd2 c4 40.
Re3 Ra6 41. Kc2 Rh6 42. Re4 Rxh2+ 43. Kc3 Rf2 44. Rd4+ Ke5 45. f4+ gxf4 46.
gxf4+ Rxf4 47. Rxf4 Kxf4 48. Kxc4 Ke5 49. Kc5 Ke6 50. Kc6 Ke7 51. Kb7 Kd7 52.
Kxa7 Kc7 53. a4 Kc8 54. a5 Kc7 55. a6 Kc8 56. Ka8 Kc7 57. a7 Kc8 1/2-1/2

[Event "2nd Cambridge Int Open"]
[Site "Cambridge ENG"]
[Date "2024.02.19"]
[Round "2.55"]
[White "Evans, Ruben"]
[Black "Yu, Rock"]
[Result "1/2-1/2"]
[WhiteElo "1647"]
[BlackElo "1817"]
[WhiteFideId "472018"]
[BlackFideId "489000"]
[EventDate "2024.02.19"]

1. d4 Nf6 2. c4 d6 3. Nc3 g6 4. e4 Bg7 5. f4 O-O 6. Nf3 c5 7. d5 e6 8. Be2 exd5
9. cxd5 Re8 10. e5 dxe5 11. fxe5 Ng4 12. e6 fxe6 13. d6 a6 14. a4 Nc6 15. O-O
Nd4 16. h3 Ne5 17. Nxd4 cxd4 18. Ne4 Nf7 19. Rxf7 Kxf7 20. Qb3 Qa5 21. Bd2 Qd5
22. Ng5+ Kg8 23. Bc4 Qxd6 24. Re1 b6 25. Bb4 Qc6 26. Bd5 exd5 27. Rxe8+ Qxe8 28.
Qxd5+ Kh8 1/2-1/2

[Event "2nd Cambridge Int Open"]
[Site "Cambridge ENG"]
[Date "2024.02.20"]
[Round "3.1"]
[White "Wachinger, Nikolas"]
[Black "Tiviakov, Sergei"]
[Result "1/2-1/2"]
[WhiteTitle "IM"]
[BlackTitle "GM"]
[WhiteElo "2432"]
[BlackElo "2534"]
[WhiteFideId "12962791"]
[BlackFideId "1008013"]
[EventDate "2024.02.19"]

1. e4 c5 2. Nf3 Nc6 3. Bb5 d6 4. O-O Bd7 5. Re1 Nf6 6. c3 a6 7. Bf1 e5 8. d4
cxd4 9. cxd4 Bg4 10. d5 Nd4 11. Be3 Nxf3+ 12. gxf3 Bd7 13. a4 Be7 14. Nd2 b5 15.
axb5 axb5 16. Qb3 O-O 17. Rxa8 Qxa8 18. Rc1 Qa5 19. Qc3 Qxc3 20. Rxc3 Rb8 21.
Rc7 Bd8 22. Ra7 Kf8 23. b4 Bb6 24. Ra6 Bxe3 25. fxe3 Ke7 26. Nb3 Ne8 27. Na5 Nc7
28. Nc6+ Bxc6 29. Rxc6 Rb7 30. f4 exf4 31. exf4 f5 32. e5 Nxd5 33. exd6+ Ke6 34.
d7+ Kxd7 35. Rc5 Nxb4 36. Rxf5 Kd6 37. Rxb5 Rxb5 38. Bxb5 Nd5 39. Bd3 h6 40. f5
Ke5 41. Kf2 Kf4 42. Ba6 Ne3 43. Bc8 Nxf5 44. Bb7 Ne3 45. Bc6 Ng4+ 46. Kg2 Ne5
47. Bb7 Kg4 48. Bc8+ Kh4 49. Bb7 g5 50. h3 Nd3 51. Bc8 Nf4+ 52. Kh2 Nd5 53. Bb7
Nc3 54. Bf3 Nb5 55. Bc6 Nd4 56. Bb7 Kh5 57. Be4 Kh4 58. Bb7 Nf5 59. Bc6 Ng7 60.
Bb7 Kh5 61. Be4 Kh4 62. Bb7 Ne6 63. Bc6 Nc5 64. Bd5 Nd3 65. Bb7 Nf2 66. Bc8 Nd1
67. Bb7 Nc3 68. Bf3 Na4 69. Bc6 Nb6 70. Be4 Nd7 71. Bc6 Nf6 72. Bb5 Kh5 73. Bd3
Kh4 74. Bf5 Nh5 75. Bc8 Ng7 76. Bb7 Kh5 77. Be4 Kh4 1/2-1/2

[Event "2nd Cambridge Int Open"]
[Site "Cambridge ENG"]
[Date "2024.02.20"]
[Round "3.2"]
[White "Fernandez, Daniel Howard"]
[Black "Roberson, Peter T"]
[Result "1-0"]
[WhiteTitle "GM"]
[BlackTitle "IM"]
[WhiteElo "2526"]
[BlackElo "2426"]
[WhiteFideId "5801605"]
[BlackFideId "412384"]
[EventDate "2024.02.19"]

1. e4 c5 2. Nf3 d6 3. d4 cxd4 4. Nxd4 Nf6 5. Nc3 Nc6 6. Nd5 Nxd5 7. exd5 Qa5+ 8.
Bd2 Qxd5 9. Nb5 Qe6+ 10. Be2 Qd7 11. c4 e6 12. Bf4 e5 13. Be3 Be7 14. Qd2 O-O
15. Rd1 Qd8 16. O-O Be6 17. f4 Qd7 18. fxe5 Nxe5 19. b3 a6 20. Nxd6 Rad8 21. c5
Ng4 22. Bg5 Bxg5 23. Qxg5 f6 24. Qf4 Ne5 25. Bf3 Rb8 26. Rfe1 Qc7 27. Rxe5 fxe5
28. Qxe5 Rf6 29. b4 b6 30. Re1 bxc5 31. Bd5 Bxd5 32. Qxd5+ Kf8 33. bxc5 Rd8 34.
h3 g6 35. Qe5 Rdxd6 36. Qe8+ Kg7 37. Re7+ 1-0

[Event "2nd Cambridge Int Open"]
[Site "Cambridge ENG"]
[Date "2024.02.20"]
[Round "3.4"]
[White "Haubro, Martin"]
[Black "Willow, Jonah B"]
[Result "0-1"]
[WhiteTitle "IM"]
[BlackTitle "IM"]
[WhiteElo "2421"]
[BlackElo "2445"]
[WhiteFideId "1414291"]
[BlackFideId "438804"]
[EventDate "2024.02.19"]

1. e4 c5 2. Nf3 e6 3. d4 cxd4 4. Nxd4 Nf6 5. Nc3 Nc6 6. a3 Be7 7. Be3 O-O 8. Be2
d6 9. Qd3 e5 10. Nb3 Be6 11. Nd5 Bxd5 12. exd5 e4 13. Qb5 Ne5 14. Qxb7 a5 15.
Rd1 a4 16. Nd4 Rb8 17. Qa7 Ra8 18. Qb7 Rb8 19. Qa6 Nxd5 20. Nc6 Nxc6 21. Rxd5
Qc8 22. Qxa4 Rxb2 23. O-O Ne5 24. Qxe4 f5 25. Qa4 Rxc2 26. Ba6 Qc7 27. Bd4 Bf6
28. Qb3 Kh8 29. Bb6 Qc6 30. Bb5 Rc3 31. Bxc6 Rxb3 32. Rb5 Rxb5 33. Bxb5 Rb8 34.
f4 Ng6 35. Rc1 h5 36. Rc6 Rxb6 0-1

[Event "2nd Cambridge Int Open"]
[Site "Cambridge ENG"]
[Date "2024.02.20"]
[Round "3.5"]
[White "Adams, Michael"]
[Black "Wells, Peter K"]
[Result "1-0"]
[WhiteTitle "GM"]
[BlackTitle "GM"]
[WhiteElo "2673"]
[BlackElo "2343"]
[WhiteFideId "400041"]
[BlackFideId "400327"]
[EventDate "2024.02.19"]

1. e4 c5 2. Nf3 e6 3. d4 cxd4 4. Nxd4 Nf6 5. Nc3 Nc6 6. Be2 d6 7. Be3 Be7 8. Qd2
a6 9. O-O-O Nxd4 10. Qxd4 e5 11. Qd3 b5 12. Bg5 b4 13. Bxf6 bxc3 14. Bxe7 cxb2+
15. Kb1 Kxe7 16. f4 exf4 17. e5 d5 18. Bf3 Qa5 19. Bxd5 Rd8 20. Qe4 Rb8 21. Bc4
Rb4 22. Qxf4 Rxc4 23. Qxc4 Be6 24. Qh4+ f6 25. exf6+ Kf7 26. a4 Rc8 27. fxg7
Ba2+ 28. Kxa2 b1=Q+ 29. Kxb1 Qb6+ 30. Ka1 1-0

[Event "2nd Cambridge Int Open"]
[Site "Cambridge ENG"]
[Date "2024.02.20"]
[Round "3.6"]
[White "Woltery, Nicolai"]
[Black "Shafi, Declan"]
[Result "1-0"]
[WhiteElo "1979"]
[BlackElo "2231"]
[WhiteFideId "436887"]
[BlackFideId "2405156"]
[EventDate "2024.02.19"]

1. c4 Nf6 2. Nc3 e5 3. Nf3 Nc6 4. e4 Bc5 5. Nxe5 Nxe5 6. d4 Bxd4 7. Qxd4 d6 8.
Be2 O-O 9. O-O Be6 10. b3 Nfd7 11. Bb2 Nc6 12. Qe3 Nc5 13. f4 f5 14. e5 Qe7 15.
exd6 cxd6 16. b4 Nd7 17. b5 Bf7 18. Qd2 Nd8 19. Nd5 Bxd5 20. Qxd5+ Nf7 21. Bd3
Nf6 22. Bxf6 Qxf6 23. Bxf5 Rfe8 24. Rae1 g6 25. Be6 Rad8 26. f5 g5 27. Qxb7 Re7
28. Bxf7+ Rxf7 29. Qd5 Qc3 30. Re7 Rf8 31. f6 h6 32. Qe4 Rxe7 33. Qxe7 Rf7 34.
Qe8+ 1-0

[Event "2nd Cambridge Int Open"]
[Site "Cambridge ENG"]
[Date "2024.02.20"]
[Round "3.12"]
[White "Turner, Matthew J"]
[Black "Vardanyan, Aras"]
[Result "1-0"]
[WhiteTitle "GM"]
[BlackTitle "FM"]
[WhiteElo "2447"]
[BlackElo "2299"]
[WhiteFideId "402893"]
[BlackFideId "12808792"]
[EventDate "2024.02.19"]

1. d4 Nf6 2. Nf3 c5 3. e3 g6 4. c4 Bg7 5. Nc3 O-O 6. Be2 cxd4 7. exd4 d5 8. h3
Nc6 9. O-O Be6 10. Ng5 Bf5 11. g4 Bc8 12. Be3 h6 13. Nf3 dxc4 14. Bxc4 h5 15.
Nh2 Qd7 16. d5 Ne5 17. Bb5 Qc7 18. Be2 hxg4 19. hxg4 Bd7 20. Rc1 Rad8 21. f4 Nc4
22. Bd4 Nd6 23. Ne4 Qb8 24. Nxf6+ exf6 25. Bd3 Rfe8 26. Qf3 Nb5 27. Bf2 f5 28.
gxf5 Nd4 29. Bxd4 Bxd4+ 30. Kh1 Re3 31. Qd1 Qd6 32. fxg6 Qxd5+ 33. Rf3 Bxb2 34.
Bc4 Qe4 35. gxf7+ Kg7 36. Qg1+ Kf8 37. Qg8+ Ke7 38. Qxd8+ 1-0

[Event "2nd Cambridge Int Open"]
[Site "Cambridge ENG"]
[Date "2024.02.20"]
[Round "3.13"]
[White "Wadsworth, Matthew J"]
[Black "Dishman, Stephen"]
[Result "1/2-1/2"]
[WhiteTitle "IM"]
[BlackTitle "FM"]
[WhiteElo "2444"]
[BlackElo "2273"]
[WhiteFideId "415804"]
[BlackFideId "403024"]
[EventDate "2024.02.19"]

1. d4 d5 2. c4 c6 3. Nc3 Nf6 4. e3 Bf5 5. Nf3 e6 6. Nh4 Be4 7. f3 Bg6 8. Bd2 Be7
9. Nxg6 hxg6 10. Qb3 Qc7 11. cxd5 cxd5 12. O-O-O Nc6 13. Kb1 Nd7 14. e4 Nxd4 15.
Qa4 Nc6 16. exd5 Nb6 17. Qf4 Qxf4 18. Bxf4 Nxd5 19. Nxd5 exd5 20. Rxd5 Rh5 21.
Bc4 Rxd5 22. Bxd5 Rd8 23. Be4 f5 24. Bxc6+ bxc6 25. Re1 Kf7 26. Rxe7+ Kxe7 27.
Bg5+ Kd7 28. Bxd8 Kxd8 29. Kc2 g5 30. Kc3 Kc7 31. Kd4 Kd6 32. b4 Ke6 33. Kc5 Kd7
34. b5 cxb5 35. Kxb5 Kc7 36. Kc5 f4 37. g4 Kb7 38. Kb5 Kc7 39. Ka5 Kb7 40. Kb5
Kc7 41. Kc5 Kb7 42. Kb5 1/2-1/2

[Event "2nd Cambridge Int Open"]
[Site "Cambridge ENG"]
[Date "2024.02.20"]
[Round "3.14"]
[White "Gasanov, Eldar"]
[Black "Gluma, Christian"]
[Result "1-0"]
[WhiteTitle "GM"]
[WhiteElo "2494"]
[BlackElo "2219"]
[WhiteFideId "14104466"]
[BlackFideId "16223209"]
[EventDate "2024.02.19"]

1. d4 g6 2. e4 Bg7 3. Nf3 c6 4. Bd3 d5 5. e5 Nh6 6. O-O O-O 7. Re1 f6 8. exf6
exf6 9. c4 Re8 10. Nc3 Rxe1+ 11. Qxe1 Kf7 12. b3 Be6 13. Bf4 Nd7 14. cxd5 Bxd5
15. Nxd5 cxd5 16. Rc1 Rc8 17. Rxc8 Qxc8 18. Qa5 Qc6 19. Qxa7 Nf8 20. h3 Ne6 21.
Bd2 Ng8 22. a4 Ne7 23. b4 Nc8 24. Qb8 Bf8 25. b5 Qd7 26. a5 Bd6 27. Qa8 Ke7 28.
g3 Nd8 29. Kg2 Bc7 30. h4 Kf7 31. h5 Ne7 32. b6 Bd6 33. a6 bxa6 34. Qa7 Ke6 35.
Bxa6 Nec6 36. Qa8 Nb8 37. Bd3 f5 38. Ng5+ Kf6 39. Qxd5 h6 40. Qg8 1-0

[Event "2nd Cambridge Int Open"]
[Site "Cambridge ENG"]
[Date "2024.02.20"]
[Round "3.25"]
[White "Mihalik, Agoston"]
[Black "Ghasi, Ameet K"]
[Result "0-1"]
[BlackTitle "IM"]
[WhiteElo "2146"]
[BlackElo "2509"]
[WhiteFideId "719021"]
[BlackFideId "409200"]
[EventDate "2024.02.19"]

1. e4 c5 2. Nf3 e6 3. g3 Nc6 4. Bg2 Nf6 5. Qe2 e5 6. O-O Be7 7. Na3 O-O 8. d3 h6
9. Nc4 d6 10. a4 Re8 11. b3 Bf8 12. Bb2 g6 13. Ne3 Bg7 14. Nd2 Nd4 15. Qd1 h5
16. Ndc4 Be6 17. c3 Nc6 18. Nd5 Bxd5 19. exd5 Ne7 20. Ne3 Qd7 21. a5 b5 22. a6
Rab8 23. Ra5 Bh6 24. Qe2 Bxe3 25. fxe3 Nfxd5 26. e4 Nc7 27. Bc1 Nc6 28. Ra2 b4
29. c4 Nd4 30. Qd1 Qg4 31. Qe1 Nxb3 32. Bf3 Qe6 33. Bg5 Nd4 34. Bxh5 gxh5 35.
Raf2 Qg4 36. Rxf7 Qxg5 37. Rxc7 0-1

[Event "2nd Cambridge Int Open"]
[Site "Cambridge ENG"]
[Date "2024.02.20"]
[Round "3.26"]
[White "Fava, Lorenzo"]
[Black "Hebden, Mark L"]
[Result "1-0"]
[BlackTitle "GM"]
[WhiteElo "2140"]
[BlackElo "2416"]
[WhiteFideId "2837434"]
[BlackFideId "400084"]
[EventDate "2024.02.19"]

1. e4 e5 2. Nf3 Nc6 3. Bb5 a6 4. Ba4 Nf6 5. O-O Be7 6. Re1 b5 7. Bb3 d6 8. a4
Bd7 9. c3 O-O 10. h3 Na5 11. Bc2 c5 12. d4 Qc7 13. dxe5 dxe5 14. Nbd2 Rfd8 15.
Qe2 c4 16. axb5 axb5 17. Nf1 Nh5 18. Be3 g6 19. Ng3 Nxg3 20. fxg3 Nb7 21. Rad1
Nc5 22. Qf2 Be6 23. Ng5 f6 24. Nxe6 Nxe6 25. Kh2 Qc6 26. Bb6 Rxd1 27. Rxd1 Ra2
28. Bb1 Ra1 29. Be3 Kf7 30. Qd2 Ra8 31. Bc2 Rd8 32. Qe2 Rxd1 33. Qxd1 Bc5 34.
Bxc5 Nxc5 35. Qd8 Ne6 36. Qb8 Qd7 37. b3 Qd2 38. Qxb5 Ng5 39. Qxc4+ Kg7 40. Qd3
Nf3+ 41. Qxf3 Qxc2 42. b4 f5 43. exf5 e4 44. Qf4 gxf5 45. Qg5+ 1-0

[Event "2nd Cambridge Int Open"]
[Site "Cambridge ENG"]
[Date "2024.02.20"]
[Round "3.28"]
[White "Rushbrooke, Remy"]
[Black "Derakhshani, Borna"]
[Result "1-0"]
[BlackTitle "FM"]
[WhiteElo "2049"]
[BlackElo "2377"]
[WhiteFideId "443590"]
[BlackFideId "12518450"]
[EventDate "2024.02.19"]

1. Nf3 Nf6 2. g3 b5 3. Bg2 Bb7 4. O-O e6 5. b3 c5 6. c4 b4 7. Bb2 Be7 8. d4 cxd4
9. Nxd4 Bxg2 10. Kxg2 O-O 11. Nd2 Qb6 12. e4 d6 13. Qf3 Nbd7 14. Rfe1 Rac8 15.
Nc2 Rfd8 16. Bd4 Qb8 17. a3 e5 18. Be3 bxa3 19. Rxa3 d5 20. exd5 Bxa3 21. Nxa3
a6 22. Nc2 Qd6 23. Bg5 Re8 24. Ne3 Qb4 25. Ng4 e4 26. Qf5 Nxg4 27. Qxg4 Ne5 28.
Qxe4 f6 29. Qd4 Nxc4 30. Rxe8+ Rxe8 31. Bf4 g5 32. bxc4 gxf4 33. Ne4 f3+ 34.
Kxf3 Rf8 35. Kg2 Qe7 36. d6 Qb7 37. c5 Qc6 38. Kg1 Kg7 39. Nxf6 1-0

[Event "2nd Cambridge Int Open"]
[Site "Cambridge ENG"]
[Date "2024.02.20"]
[Round "3.29"]
[White "York-Weaving, Richard"]
[Black "Brett, Andrew R"]
[Result "1-0"]
[WhiteTitle "FM"]
[WhiteElo "2343"]
[BlackElo "2085"]
[WhiteFideId "401161"]
[BlackFideId "416460"]
[EventDate "2024.02.19"]

1. e4 e5 2. Nf3 Nc6 3. Bb5 a6 4. Ba4 Nf6 5. O-O Be7 6. Re1 b5 7. Bb3 O-O 8. a4
Bb7 9. d3 d6 10. Nbd2 Qd7 11. c3 h6 12. Nf1 Na5 13. Bc2 c5 14. Ng3 Rfe8 15. d4
cxd4 16. cxd4 exd4 17. Nxd4 Bf8 18. Qf3 Nc4 19. Ndf5 Qe6 20. axb5 axb5 21. Rxa8
Bxa8 22. Qe2 Qc8 23. b3 Ne5 24. Qd2 Ng6 25. Bb2 Qd8 26. h3 d5 27. e5 Ne4 28.
Nxe4 dxe4 29. Qxd8 Rxd8 30. Bxe4 Bb4 31. Re3 Rd1+ 32. Kh2 Bd2 33. Bxa8 Bxe3 34.
fxe3 Nf8 35. Bd5 g6 36. Ne7+ Kh7 37. Bxf7 Rd7 38. Bg8+ 1-0

[Event "2nd Cambridge Int Open"]
[Site "Cambridge ENG"]
[Date "2024.02.20"]
[Round "3.30"]
[White "Gourlay, Iain"]
[Black "Golubovic, Erik"]
[Result "1-0"]
[WhiteTitle "FM"]
[BlackTitle "CM"]
[WhiteElo "2301"]
[BlackElo "2025"]
[WhiteFideId "2401533"]
[BlackFideId "14586908"]
[EventDate "2024.02.19"]

1. Nf3 Nf6 2. g3 d5 3. Bg2 e6 4. O-O Be7 5. c4 O-O 6. b3 c5 7. cxd5 exd5 8. d4
Nc6 9. Bb2 Ne4 10. dxc5 Bxc5 11. Ne1 Re8 12. Nd3 Bb6 13. Nf4 Bg4 14. h3 Nxg3 15.
hxg4 Qg5 16. Nh3 Qxg4 17. e3 Ne2+ 18. Kh1 Bxe3 19. Nc3 Bd4 20. Re1 Bxc3 21. Bxc3
d4 22. Bb2 Re6 23. f3 Ng3+ 24. Kh2 Qg6 25. Rxe6 fxe6 26. Bxd4 Rd8 27. Qe1 Nxd4
28. Qxg3 Qf6 29. Re1 h6 30. Qf4 Nf5 31. Re2 Kh7 32. Qe4 Qg6 33. Qg4 Qf7 34. Nf4
Rd4 35. Re4 e5 36. Rxd4 exd4 37. Bf1 Ne3 38. Bd3+ Kg8 39. Qc8+ Qf8 40. Bh7+ 1-0

[Event "2nd Cambridge Int Open"]
[Site "Cambridge ENG"]
[Date "2024.02.20"]
[Round "3.31"]
[White "Pozzari, Simone"]
[Black "Pert, Nina"]
[Result "1-0"]
[BlackTitle "WCM"]
[WhiteElo "2290"]
[BlackElo "2010"]
[WhiteFideId "2831282"]
[BlackFideId "456853"]
[EventDate "2024.02.19"]

1. e4 c6 2. d4 d5 3. e5 Bf5 4. Nd2 e6 5. Nb3 Nd7 6. Nf3 h6 7. Be2 Qc7 8. O-O Ne7
9. a4 c5 10. dxc5 Nc6 11. Be3 Ndxe5 12. Nxe5 Qxe5 13. Nd4 Bh7 14. Bb5 Qc7 15. c4
dxc4 16. Bf4 Qc8 17. Qf3 a6 18. Nxc6 axb5 19. Ne5 bxa4 20. Nxc4 Qc6 21. Qg3 Be4
22. Rac1 Bd5 23. Nd6+ Ke7 24. Qh4+ f6 25. Qh5 e5 26. Bxe5 g6 27. Qe2 Bg7 28.
Bxf6+ Kxf6 29. Rfe1 g5 30. Qe5+ Kg6 31. Qf5+ Kh5 32. Re3 Bxg2 33. Qf7+ Kh4 34.
Nf5+ Kg4 35. Rc4+ 1-0

[Event "2nd Cambridge Int Open"]
[Site "Cambridge ENG"]
[Date "2024.02.20"]
[Round "3.35"]
[White "Kovalskyi, Roman"]
[Black "Lim, Mark ENG"]
[Result "1-0"]
[WhiteElo "2004"]
[BlackElo "1776"]
[WhiteFideId "14184214"]
[BlackFideId "417734"]
[EventDate "2024.02.19"]

1. e4 e6 2. d4 d5 3. e5 c5 4. c3 Qb6 5. Nf3 Bd7 6. a3 cxd4 7. cxd4 Bb5 8. Bxb5+
Qxb5 9. Nc3 Qa6 10. Bd2 Nd7 11. b4 Qd3 12. Qa4 a6 13. Rc1 Ne7 14. h4 Nc6 15. Ne2
Nb6 16. Qd1 Qxa3 17. Rc3 Qa4 18. Rb3 Nd8 19. O-O Nc4 20. b5 Nxd2 21. Nxd2 axb5
22. Nc3 Qxd4 23. Nxb5 Qxe5 24. Nf3 Qb8 25. Re1 Be7 26. Ne5 Bf6 27. f4 Bxe5 28.
fxe5 O-O 29. Qg4 Nc6 30. Rg3 g6 31. Qg5 Qd8 32. Qh6 Qb6+ 33. Kh2 Qxb5 34. h5 Nd4
35. hxg6 Nf3+ 36. gxf3 Ra2+ 37. Kh3 fxg6 1-0

[Event "2nd Cambridge Int Open"]
[Site "Cambridge ENG"]
[Date "2024.02.20"]
[Round "3.38"]
[White "Alderson, John K A"]
[Black "Hagesather, Nina"]
[Result "0-1"]
[BlackTitle "WFM"]
[WhiteElo "1788"]
[BlackElo "1973"]
[WhiteFideId "422711"]
[BlackFideId "1501542"]
[EventDate "2024.02.19"]

1. c4 Nf6 2. Nc3 e5 3. g3 Bb4 4. Bg2 O-O 5. e3 Bxc3 6. bxc3 c6 7. d4 d6 8. Ne2
Bf5 9. O-O Qd7 10. f3 Bh3 11. e4 Bxg2 12. Kxg2 Qc7 13. Be3 Nbd7 14. Qd3 Rfe8 15.
a4 Qa5 16. Rfb1 Qa6 17. a5 d5 18. Qd1 dxe4 19. fxe4 exd4 20. cxd4 Rxe4 21. Qc1
Rae8 22. Rb3 Ng4 23. Raa3 Nxe3+ 24. Rxe3 Rxe3 25. Rxe3 Rxe3 26. Qxe3 Qxc4 27.
Nc3 Nf8 28. Kf2 Ne6 29. Ne2 Qd5 30. Qc3 h6 31. Qb4 c5 32. dxc5 Qxc5+ 33. Qxc5
Nxc5 34. Nd4 b6 35. axb6 axb6 36. Ke3 g6 37. Nb5 Kg7 38. Kd4 Kf6 39. Kd5 Kg5 40.
h3 f5 41. Nd4 Kf6 42. Nf3 Ne4 43. g4 fxg4 44. hxg4 Nf2 45. g5+ hxg5 46. Kc6 g4
47. Ne1 Ke5 48. Kxb6 Ke4 49. Kc5 Nd3+ 0-1

[Event "2nd Cambridge Int Open"]
[Site "Cambridge ENG"]
[Date "2024.02.20"]
[Round "3.47"]
[White "Hutchinson, Paul A"]
[Black "Orton, Stephen L A"]
[Result "0-1"]
[WhiteElo "2005"]
[BlackElo "2154"]
[WhiteFideId "411558"]
[BlackFideId "414921"]
[EventDate "2024.02.19"]

1. d4 Nf6 2. c4 g6 3. Nc3 Bg7 4. Bg5 d6 5. e3 c6 6. Be2 Qa5 7. Bxf6 Bxf6 8. Nf3
O-O 9. O-O Bg7 10. Qd2 Nd7 11. b4 Qc7 12. Rac1 Nf6 13. c5 dxc5 14. bxc5 Bf5 15.
Rfd1 Rad8 16. Ne5 Ne4 17. Nxe4 Bxe4 18. f4 e6 19. Bf3 Bxf3 20. Nxf3 f6 21. Qd3
Rfe8 22. Qb3 Re7 23. Rc2 Kh8 24. Rcd2 b5 25. g4 Qd7 26. h3 Qd5 27. Kf2 Rf8 28.
Qd3 Bh6 29. h4 e5 30. e4 Qd7 31. g5 fxg5 32. hxg5 Rxf4 33. dxe5 Qh3 34. Rf1 Ref7
35. Ke2 Qxf1+ 36. Kxf1 Rxf3+ 37. Ke2 Rxd3 38. Rxd3 Bxg5 39. Rd6 Rc7 40. Kd3 Be7
41. Kd4 Kg7 42. e6 Kf6 0-1

[Event "2nd Cambridge Int Open"]
[Site "Cambridge ENG"]
[Date "2024.02.20"]
[Round "3.48"]
[White "Waller, Dan"]
[Black "Davison, Chris"]
[Result "1-0"]
[WhiteElo "2110"]
[BlackElo "2013"]
[WhiteFideId "451053"]
[BlackFideId "407801"]
[EventDate "2024.02.19"]

1. e4 e5 2. Nc3 Nf6 3. f4 d5 4. fxe5 Nxe4 5. Qf3 Nc6 6. Bb5 Nxc3 7. dxc3 Qh4+ 8.
g3 Qe4+ 9. Qxe4 dxe4 10. Ne2 Be7 11. Nd4 Bd7 12. Nxc6 Bxc6 13. Bxc6+ bxc6 14.
Rf1 Rb8 15. a4 h5 16. b3 h4 17. g4 h3 18. Be3 Bh4+ 19. Ke2 a6 20. Rf4 Ke7 21.
Raf1 Ke6 22. Rxf7 Bf6 23. exf6 Kxf7 24. fxg7+ Kxg7 25. Bd4+ Kg6 26. Bxh8 Rxh8
27. Rf4 Re8 28. Ke3 Rd8 29. Rxe4 Rd1 30. Kf4 Rd2 31. Kg3 Rxc2 32. Rc4 1-0

[Event "2nd Cambridge Int Open"]
[Site "Cambridge ENG"]
[Date "2024.02.20"]
[Round "3.49"]
[White "Yu, Rock"]
[Black "Underwood, Jon"]
[Result "1/2-1/2"]
[WhiteElo "1817"]
[BlackElo "1993"]
[WhiteFideId "489000"]
[BlackFideId "425877"]
[EventDate "2024.02.19"]

1. e4 c5 2. c4 g6 3. Nc3 Bg7 4. g3 Nc6 5. Bg2 Nf6 6. Nge2 O-O 7. O-O Ne8 8. d3
Nc7 9. Rb1 Ne6 10. a3 a5 11. Bd2 Ned4 12. Nxd4 Nxd4 13. Ne2 d6 14. Nxd4 Bxd4 15.
b4 axb4 16. axb4 Ra3 17. Bc1 Ra7 18. Bb2 e5 19. Bxd4 cxd4 20. Qb3 Be6 21. Ra1
Qb6 22. Ra3 Rfa8 23. Rfa1 Kf8 24. h4 Ke7 25. Bf3 Kd8 26. Kf1 h6 27. g4 g5 28.
hxg5 hxg5 29. Kg2 Rxa3 30. Rxa3 Rxa3 31. Qxa3 Qa6 32. Qc1 f6 33. b5 Qa5 34. Qh1
Ke7 35. Qh8 Qd8 36. Qh1 Qa8 37. Qh7+ Bf7 38. Qh1 Bg6 39. Qe1 Qa3 40. Be2 Kf8 41.
Qd2 Be8 42. Bd1 1/2-1/2

[Event "2nd Cambridge Int Open"]
[Site "Cambridge ENG"]
[Date "2024.02.20"]
[Round "3.50"]
[White "Iyengar, Ilya"]
[Black "Gaffney, Samuel"]
[Result "1-0"]
[WhiteElo "1972"]
[BlackElo "1689"]
[WhiteFideId "405949"]
[BlackFideId "420859"]
[EventDate "2024.02.19"]

1. d4 Nf6 2. Nf3 e6 3. Bg5 Be7 4. e3 b6 5. Bd3 Bb7 6. Nbd2 d5 7. O-O O-O 8. c4
c5 9. cxd5 Nxd5 10. Bxe7 Nxe7 11. Qe2 cxd4 12. Nxd4 Nbc6 13. N4f3 Nd5 14. Rac1
Rc8 15. a3 Nce7 16. Ne4 Rxc1 17. Rxc1 Qb8 18. Bb1 Rc8 19. Rd1 Qc7 20. h4 h6 21.
Qd3 Qc4 22. Qxc4 Rxc4 23. Nd6 Rc7 24. e4 Nf6 25. Nxb7 Rxb7 26. Rd8+ Kh7 27. e5+ 1-0